Religión, política y sociedad : (Record no. 94103)

MARC details
000 -LEADER
campo de control de longitud fija 02367cam a2200433Ia 4500
001 - NÚMERO DE CONTROL
campo de control 95132
005 - FECHA Y HORA DE LA ÚLTIMA TRANSACCIÓN
campo de control 20230410142342.0
008 - DATOS DE LONGITUD FIJA--INFORMACIÓN GENERAL
campo de control de longitud fija 090812s2009 ag b 001 0 spa d
010 ## - NÚMERO DE CONTROL DE LA BIBLIOTECA DEL CONGRESO
Número de control de LC 2013373335
035 ## - NÚMERO DE CONTROL DEL SISTEMA
Número de control de sistema (OCoLC)ocn430195873
040 ## - FUENTE DE CATALOGACIÓN
Centro catalogador/agencia de origen AZS
Centro/agencia transcriptor AZS
Centro/agencia modificador IXA
020 ## - NÚMERO INTERNACIONAL ESTÁNDAR DEL LIBRO
Número Internacional Estándar del Libro 9875742961
020 ## - NÚMERO INTERNACIONAL ESTÁNDAR DEL LIBRO
Número Internacional Estándar del Libro 9789875742963
035 ## - NÚMERO DE CONTROL DEL SISTEMA
Número de control de sistema (OCoLC)430195873
043 ## - CÓDIGO DE ÁREA GEOGRÁFICA
Código de área geográfica s-ag---
050 14 - SIGNATURA TOPOGRÁFICA DE LA BIBLIOTECA DEL CONGRESO
Número de clasificación BX 1462.3
Número de ítem R382 2009
049 ## - FONDOS LOCALES (OCLC)
Biblioteca depositaria GRAL
245 00 - MENCIÓN DEL TÍTULO
Título Religión, política y sociedad :
Resto del título pujas y transformaciones en la historia argentina reciente /
Mención de responsabilidad, etc. Aldo Ameigeiras, José Pablo Martín, editores.
260 ## - PUBLICACIÓN, DISTRIBUCIÓN, ETC.
Lugar de publicación, distribución, etc. Buenos Aires:
Nombre del editor, distribuidor, etc. Universidad Nacional de General Sarmiento;
-- Prometeo Libros,
Fecha de publicación, distribución, etc. 2009 c2008
300 ## - DESCRIPCIÓN FÍSICA
Extensión 219 p. ;
Dimensiones 22 cm.
440 #0 - MENCIÓN DE SERIE/PUNTO DE ACCESO ADICIONAL--TÍTULO
Título Colección Comunicación y Crítica Cultural
504 ## - NOTA DE BIBLIOGRAFÍA, ETC.
Nota de bibliografía, etc. Includes bibliographical references and index
505 0# - NOTA DE CONTENIDO CON FORMATO
Nota de contenido con formato Cuentapropismo religioso / por Fortunato Mallimaci -- Pluralización del campo religioso y crisis institucional en Buenos Aires y periferia / por Verónica Giménez Béliveau -- La construcción de identidades personales y colectivas en movimientos religiosos : el caso de la Umbanda en la Argentina / por Alejandro Frigerio -- Catolicismo y globalización / por Abelardo Jorge Soneira -- Religión y democracia : sistemas de ideas en las expresiones públicas de la Iglesia Católica durante el gobierno de Alfonsín, 1983-1989 / por José Pablo Martín --- La presencia pública de la Iglesia Católica durante los gobiernos de Carlos Menem, 1989-1999 / por Dr. Juan Cruz Esquivel -- La participación de la Iglesia Católica en la mesa del diálogo argentino / por Aldo Ameigeiras
610 20 - PUNTO DE ACCESO ADICIONAL DE MATERIA--NOMBRE DE ENTIDAD CORPORATIVA
Nombre de entidad corporativa o nombre de jurisdicción como elemento de entrada Catholic Church
Subdivisión geográfica Argentina.
650 #0 - PUNTO DE ACCESO ADICIONAL DE MATERIA--TÉRMINO DE MATERIA
Término de materia o nombre geográfico como elemento de entrada Religion and politics
Subdivisión geográfica Argentina.
650 #0 - PUNTO DE ACCESO ADICIONAL DE MATERIA--TÉRMINO DE MATERIA
Término de materia o nombre geográfico como elemento de entrada Church and state
Subdivisión geográfica Argentina.
651 #0 - PUNTO DE ACCESO ADICIONAL DE MATERIA--NOMBRE GEOGRÁFICO
Nombre geográfico Argentina
Subdivisión general Politics and government
Subdivisión cronológica 2002-
610 20 - PUNTO DE ACCESO ADICIONAL DE MATERIA--NOMBRE DE ENTIDAD CORPORATIVA
Nombre de entidad corporativa o nombre de jurisdicción como elemento de entrada Iglesia católica
Subdivisión geográfica Argentina
650 #0 - PUNTO DE ACCESO ADICIONAL DE MATERIA--TÉRMINO DE MATERIA
Término de materia o nombre geográfico como elemento de entrada Religión y política
Subdivisión geográfica Argentina
650 #0 - PUNTO DE ACCESO ADICIONAL DE MATERIA--TÉRMINO DE MATERIA
Término de materia o nombre geográfico como elemento de entrada Iglesia y estado
Subdivisión geográfica Argentina
651 #4 - PUNTO DE ACCESO ADICIONAL DE MATERIA--NOMBRE GEOGRÁFICO
Nombre geográfico Argentina
Subdivisión general Política y gobierno
Subdivisión cronológica 2002
700 1# - ENTRADA AGREGADA--NOMBRE PERSONAL
Nombre de persona Ameigeiras, Aldo.
Término indicativo de función/relación editor of compilation
700 1# - ENTRADA AGREGADA--NOMBRE PERSONAL
Nombre de persona Martín, José Pablo.
700 12 - ENTRADA AGREGADA--NOMBRE PERSONAL
Nombre de persona Mallimaci, Fortunato,
Término indicativo de función/relación author.
Título de la obra Cuentapropismo religioso
856 41 - LOCALIZACIÓN Y ACCESO ELECTRÓNICOS
Materiales especificados Table of contents only |u http://www.loc.gov/catdir/toc/fy14pdf03/2013373335.html
942 ## - ELEMENTOS DE ENTRADA SECUNDARIOS (KOHA)
Fuente del sistema de clasificación o colocación Clasificación de Library of Congress
Tipo de ítem Koha
994 ## -
-- C0
-- DRFGD
946 ## - PROCESAMIENTO DE INFORMACIÓN LOCAL (OCLC)
a lmm
Holdings
Estatus retirado Estado de pérdida Fuente del sistema de clasificación o colocación Estado de daño No para préstamo Colección Biblioteca de origen Biblioteca actual Ubicación en estantería Fecha de adquisición Serial enumeration / chronology Signatura topográfica completa Código de barras Visto por última vez Copia número Tipo de ítem Koha
    Clasificación de Library of Congress     Humanidades Biblioteca Juan Bosch Biblioteca Juan Bosch Humanidades (4to. Piso) 10/04/2023 1 BX 1462.3 R382 2009 00000077553 17/11/2018 1